The Copperbelt University special ceremony for the installation of the Chancellor : Prof. Muyunda Mwanalushi Friday 26th July 2002 at the Copperbelt University graduation forum. (Record no. 62506)

MARC details
000 -LEADER
fixed length control field 00840nam a2200157 a 4500
008 - FIXED-LENGTH DATA ELEMENTS--GENERAL INFORMATION
fixed length control field 220831s2002 ||||||||||||||||| || u
050 ## - LIBRARY OF CONGRESS CALL NUMBER
Classification number CBU(02)2002/2
110 ## - MAIN ENTRY--CORPORATE NAME
Corporate name or jurisdiction name as entry element Copperbelt University
245 14 - TITLE STATEMENT
Title The Copperbelt University special ceremony for the installation of the Chancellor : Prof. Muyunda Mwanalushi Friday 26th July 2002 at the Copperbelt University graduation forum.
Statement of responsibility, etc. By The Copperbelt University(CBU)
260 ## - PUBLICATION, DISTRIBUTION, ETC.
Place of publication, distribution, etc. Kitwe
Name of publisher, distributor, etc. Copperbelt University
Date of publication, distribution, etc. 2002
300 ## - PHYSICAL DESCRIPTION
Extent 13 pages
650 ## - SUBJECT ADDED ENTRY--TOPICAL TERM
Topical term or geographic name entry element Mwanalushi, Muyunda
650 ## - SUBJECT ADDED ENTRY--TOPICAL TERM
Topical term or geographic name entry element GRADUATION CEREMONIES
995 ## -
-- SPECIAL COLLECTIONS
-- 4996
-- CBU-MAIN LIBRARY (Kitwe)
-- CBU(02)2002/2B
-- 2
-- AVAILABLE
-- Aug 31, 2022
-- B4996
-- University Collection
995 ## -
-- SPECIAL COLLECTIONS
-- 4995
-- CBU-MAIN LIBRARY (Kitwe)
-- CBU(02)2002/2A
-- 1
-- AVAILABLE
-- Aug 31, 2022
-- B4995
-- University Collection
999 ## -
-- 62506
-- 62506
Holdings
Withdrawn status Lost status Source of classification or shelving scheme Damaged status Not for loan Permanent Location Current Location Date acquired Full call number Barcode Date last seen Copy number Price effective from Koha item type
          CBU-MAIN LIBRARY, KITWE. CBU-MAIN LIBRARY, KITWE. 12/13/2022 CBU(02)2002/2 B4996 12/13/2022 1 12/13/2022 SPECIAL COLLECTION
          CBU-MAIN LIBRARY, KITWE. CBU-MAIN LIBRARY, KITWE. 12/13/2022 CBU(02)2002/ B4995 12/13/2022 2 12/13/2022 SPECIAL COLLECTION